An Ultimate Greek Mythology Quiz - Statistics

General Stats
  • This quiz has been taken 29 times
    21 since last reset
  • The average score is 80 of 236
Answer Stats
Hint Answer % Correct
Forced to marry the above, Goddess of Love and Beauty Aphrodite
93%
God of Music and Prophecy Apollo
93%
God of war and bloodshed Ares
93%
Sister of above, Goddess of the Hunt Artemis
93%
Goddess of war and wisdom, sister of above Athena
93%
God of the underworld Hades
93%
Queen of the Gods Hera
93%
God of the ocean and earthquakes Poseidon
93%
King of the Gods Zeus
93%
Goddess of fertility and the harvest Demeter
86%
God of wine Dionysus
86%
God of messengers and travel Hermes
86%
Goddess of the hearth and home Hestia
86%
Daughter of the above, Goddess of spring Persephone
86%
Wife of above and Queen of the titans Rhea
86%
Primordial God of time Chronos
79%
King of the Titans and time Cronus
79%
Titan of the sun Helios
79%
God of the Forge Hephaestus
79%
Primordial God of the earth Gaia
71%
The clever king Odysseus
71%
Home of the gods Olympus
71%
Hero of the Greeks during the 10 year war Achilles
64%
Nymph who trapped the clever king on her island Calypso
64%
Half man half horse Centaur
64%
Three-headed hound that guards the underworld Cerberus
64%
Primordial God at the dawn of creation Chaos
64%
Wisest of the above race Chiron
64%
Sorceress who turned the clever king's men into pigs Circe
64%
Goddess of discord Eris
64%
Did 12 labors, son of the King of the gods Heracles
64%
A dragon that regrows it's heads when cut off Hydra
64%
God of sleep Hypnos
64%
Most famous of the above race Medusa
64%
The creature at the center of the labyrinth Minotaur
64%
Goddess of victory Nike
64%
Spirits/deities tied to nature Nymph
64%
Primordial God of night Nyx
64%
Personification of death Thanatos
64%
Slayed the Minotaur Theseus
64%
Main walled city in the Iliad Troy
64%
Race of female warriors Amazons
57%
Lion body, goat head, serpent tail Chimera
57%
God of love and sexual desire Eros
57%
Women who have snakes for hair Gorgon
57%
Body of a lion, talons and wings of an eagle Griffin
57%
The seeker of the Golden Fleece Jason
57%
God of the wild Pan
57%
Took the Spartan King's wife, Prince of Troy Paris
57%
Winged horse Pegasus
57%
Wife of the clever king Penelope
57%
Hero who slayed the famous gorgon Perseus
57%
God of terror Phobos
57%
Titan of fire Prometheus
57%
Creatures who lure with their songs Sirens
57%
Primordial God of the abyss | Prison of the titans Tartarus
57%
Son of the above and God of the ocean, uses a conch Triton
57%
Ship of the seeker of the Golden Fleece Argo
50%
What the people on the ship were called Argonauts
50%
Kingdom that sunk to the sea Atlantis
50%
Ferryman of the dead Charon
50%
Whirlpool at the Strait of Messina Charybdis
50%
Home of the labyrinth Crete
50%
Titan of dawn Eos
50%
Half human half bird screeching creatures Harpy
50%
Main hero of Troy Hector
50%
Goddess of rainbows Iris
50%
Home of the clever king Ithaca
50%
Nine goddesses of the arts, literature, and science Muses
50%
Goddess of revenge Nemesis
50%
Titan of the sea Oceanus
50%
A great musician who made stones cry Orpheus
50%
Six-headed monster at the Strait of Messina Scylla
50%
TItaness of the moon Selene
50%
Rival of the above, militaristic Sparta
50%
Eats those who cannot solve their riddles Sphinx
50%
Primordial God of the sky Uranus
50%
King of Mycenae, leader of the Greeks Agamemnon
43%
Titan of endurance Atlas
43%
Cursed to never be believed Cassandra
43%
The mortal brother that made up Gemini Castor
43%
One eyed creatures Cyclopes
43%
God of fear Deimos
43%
King of Argos, the only mortal to wound the gods Diomedes
43%
"Heaven" for heroes and favored mortals Elysium
43%
Captured by the above, wife of the King of Sparta Helen
43%
Son of the above, flew too close to the sun Icarus
43%
King who's touch turned things gold Midas
43%
The immortal brother that made up Gemini Pollux
43%
River of Hatred, Hero of the Greeks was dipped in this Styx
43%
Handsome male, beloved of the Goddess of Love Adonis
36%
God of the winds Aeolus
36%
God of medicine Asclepius
36%
Called "city of wisdom" Athens
36%
Where the Oracle is located Delphi
36%
Primordial God of darkness Erebus
36%
Phoenician princess captured by a bull (the King of the gods) Europa
36%
Three goddesses of vengeance Furies
36%
Titaness of magic Hecate
36%
Primordial God of the day Hemera
36%
Sorceress who helped the above Medea
36%
Same as the above, blinded by the clever king Polyphemus
36%
Son of the clever king who fended off suitors Telemachus
36%
Goddess of luck Tyche
36%
Founder of Rome, fled Troy Aeneas
29%
Second only to the hero of the Greeks Ajax
29%
Wife of the above Andromeda
29%
Helped the man above, was abandoned by him after Ariadne
29%
Where most souls ended up Asphodel
29%
TItaness of falling stars Asteria
29%
Hero known for her speed Atalanta
29%
God of the north wind Boreas
29%
TItan of intellect and the north Coeus
29%
Creator of the labyrinth Daedalus
29%
Spirits of the trees Dryads
29%
Mother of all monsters Echidna
29%
Three goddesses of destiny Fates
29%
Goddess of youth Hebe
29%
Titan of light and the east Hyperion
29%
King of Sparta, his wife was stolen Menelaus
29%
God of dreams Morpheus
29%
Spirits of freshwater Naiads
29%
Mortal who fell in love with his own reflection Narcissus
29%
King of Pylos, old man Nestor
29%
Cursed to marry his mother Oedipus
29%
Island of the nymph who captured the clever king Ogygia
29%
Lover of the hero of the Greeks Patroclus
29%
Father of the hero of the Greeks Peleus
29%
King of Troy during the Trojan War Priam
29%
Goddess of the soul Psyche
29%
Guardian of Delphi before the God of prophecy Python
29%
Titaness of justice Themis
29%
Mother of the hero of the Greeks Thetis
29%
Father of all monsters Typhon
29%
Primordial God of light Aether
21%
Hero who tamed the winged horse Bellerophon
21%
War prize of the Hero of the Greeks Briseis
21%
Muse of epic poetry Calliope
21%
Titan of constellations and the south Crius
21%
Nymph who fell in love with the above Echo
21%
Lover of the above, died to a snake bite Eurydice
21%
Prince of Troy abducted by the King of the Gods as an eagle Ganymede
21%
Goddess of harmony Harmonia
21%
Monster that shares the same name as a part of the brain Hippocampus
21%
Queen of the above Hippolyta
21%
Titan of mortality and the west Iapetus
21%
Guardian of the golden apple garden Ladon
21%
Goddess of the blessed dead Makaria
21%
Goddess of nightmares Melinoe
21%
Titaness of memory Mnemosyne
21%
It's golden fur was impervious to attacks Nemean Lion
21%
Another Primordial God of the Sea / Old Man of the sea Nereus
21%
Titaness of prophecy Phoebe
21%
Titaness of fresh water Tethys
21%
Charite of festivity and banquets | Muse of comedy Thalia
21%
Titaness of sight Theia
21%
10 year-long war between the Achaeans and a specific city Trojan War
21%
God of the west wind Zephyrus
21%
Unceasing anger Alecto
14%
WIfe of the Olympian God of the ocean Amphitrite
14%
Primordial God of inevitability Ananke
14%
Devoted wife to the hero of Troy Andromache
14%
Brother of the above who was tasked to find her, founded Thebes Cadmus
14%
Muse of history Clio
14%
Wife and killer of the King of Mycenae Clytemnestra
14%
Mother of the hero who slayed the famous gorgon Danae
14%
TItan of afterthought Epimetheus
14%
Wife of the King of Troy Hecuba
14%
Daughter of the King of Mycenae, sacrificed to please the gods Iphigenia
14%
Wife and mother of the above Jocasta
14%
God of strength and power Kratos
14%
River of Forgetfulness Lethe
14%
Jealous rage Megaera
14%
Wife of the above, killed in rage Megara
14%
Spirits of saltwater Nereids
14%
Spirits of the ocean Oceanids
14%
Son of the King of Mycenae who avengers his death Orestes
14%
Primordial God of the sea Pontus
14%
God of gardens, livestock and vineyards Priapus
14%
Princess of Thebes that was killed when shown a god's true form Semele
14%
Sister of the above who was killed for wanting to bury her brother Antigone
7%
King of Mycenae who had a rivalry with his brother Atreus
7%
The Inflexible Atropos
7%
Goddess of force and power Bia
7%
Mother of the above Cassiopeia
7%
Three goddesses of beauty and dance Charites
7%
The Spinner Clotho
7%
Snow-white bull sent by the Olympian sea god Cretan bull
7%
Goddess of justice Dike
7%
Daughter of the King of Mycenae who avenges his death Electra
7%
Muse of erotic poetry Erato
7%
Son of the above who expelled his brother after a year of rule Eteocles
7%
God of the east wind Eurus
7%
Muse of lyric poetry Euterpe
7%
Hundred armed, fifty headed giants Hecatoncheires
7%
The God of Prophecy's male lover who was killed on accident Hyacinthus
7%
Goddess of good health Hygeia
7%
Sister of the above who refused to help her Ismene
7%
TItaness of motherhood Leto
7%
Titan of anger Menoetius
7%
Home of the general of the Greeks Mycenae
7%
God of the south wind Notus
7%
Spirits of the mountains Oreads
7%
River of Fire Phlegethon
7%
Home of the hero of the Greeks Phthia
7%
Muse of dance Terpsichore
7%
City of many tragedies, seven gated Thebes
7%
Vengeful destroyer Tisiphone
7%
Muse of astronomy Urania
7%
River of Pain Acheron
0%
Lover of the above Aegisthus
0%
Charite of radiance/beauty Aglaea
0%
God of requited love Anteros
0%
Titan of the dusk and stars Astraeus
0%
Spirits of breezes Aurae
0%
River of Lamentation Cocytus
0%
Guardian of the Golden Fleece Colchian Dragon
0%
Strict ruler of Thebes, uncle to the four above Creon
0%
Goddess of childbirth Eileithyia
0%
A large and ferocious boar that terrorized Arcadia Erymanthian Boar
0%
Charite of joy Euphrosyne
0%
Guarded by a dragon, site of one labor Garden of the Hesperides
0%
The Olympians vs the gigantes Gigantomachy
0%
Spirits of trees linked to specific trees Hamadryads
0%
God of marriage ceremonies Hymen
0%
The Alotter Lachesis
0%
Seduced by the King of the Gods as a swan Leda
0%
Spirits of the ash trees Meliae
0%
Muse of tragedy Melpomene
0%
Muse of sacred hymns/poetry Polyhymnia
0%
Brother of the above who killed him in combat Polynices
0%
Said brother who's children were served to him as a stew Thyestes
0%
The war of the older generation of titans vs the Olympians Titanomachy
0%
God of dedication Zelus
0%
No matching quizzes found
Score Distribution
Percent of People with Each Score
Percentile by Number Answered
Your Score History
You have not taken this quiz since the last reset